000 00860cam a2200277 a 4500
001 000020036
003 DO-SdBNP
005 20230509123004.0
008 980326s2000 dr 000 f spa d
020 _a8481301353
040 _aBPMSU
_bspa
_cBPMSU
082 4 _aG863.44
_bA859s 2000
_222
100 1 _aAsturias, Miguel Ángel,
_d1899-1974
245 1 3 _aEl señor presidente /
_cMiguel Ángel Asturias.
260 0 _aSanto Domingo :
_bEl Siglo,
_c2000.
300 _a255 p. ;
_c21 cm.
490 0 _aPublicaciones del Siglo;
_aJoyas del milenio
_v1
534 _cBarcelona : Bibliotex, 2000.
590 _6Inventariado, 2023/VM
650 4 _aNovela guatemalteca
650 4 _aLiteratura guatemalteca
910 _aValidado. Control de calidad MFF
942 _2ddc
_cBK
945 _aInventariado, 2018/ YL
956 _aVMATEO
_b10
_c20150505
_lBPMSU
_h00151
999 _c7790
_d7790